[Event "Forcing Moves Winter-3 U1900"]
[Site "Mississauga CAN"]
[Date "2023.03.18"]
[Round "3.9"]
[White "Zhong, April Yunwei"]
[Black "Ambilwade, Ojal"]
[Result "1-0"]
[WhiteElo "1734"]
[BlackElo "1579"]
[PlyCount "121"]
[EventDate "2023.03.17"]
[EventType "swiss"]
[EventRounds "6"]
[EventCountry "CAN"]

1. e4 c5 2. Nf3 d6 3. Bb5+ Bd7 4. Bxd7+ Nxd7 5. O-O Ngf6 6. Re1 e6 7. c3 Be7 8.
d4 cxd4 9. cxd4 O-O 10. Nc3 Nb6 11. Qe2 Rc8 12. Bg5 Nfd7 13. Bf4 Nf6 14. Rad1
a6 15. Rd3 d5 16. e5 Nfd7 17. Nd2 Bg5 18. Qg4 Bxf4 19. Qxf4 f6 20. Qg4 Qe7 21.
Qh4 Qf7 22. Rh3 h6 23. Qg4 fxe5 24. Rf3 Nf6 25. Qh4 e4 26. Rh3 Ng4 27. f3 e3
28. Nf1 Nf2 29. Rg3 Qf6 30. Qxf6 Rxf6 31. Rxe3 Nc4 32. Kxf2 Nxe3 33. Nxe3 Rf4
34. Ne2 Rff8 35. f4 Kh7 36. Rf3 Rc6 37. Ke1 Rb6 38. b3 Rc6 39. Kd2 g6 40. g4 b5
41. f5 gxf5 42. gxf5 exf5 43. Nxd5 Rd6 44. Ndf4 Kg7 45. d5 Kf6 46. Kd3 Re8 47.
Kd4 Rc8 48. Kd3 h5 49. Re3 a5 50. Re6+ Rxe6 51. dxe6 Ke7 52. Ng3 Kf6 53. Ngxh5+
Ke7 54. Kd4 Rc1 55. Ke5 Re1+ 56. Kxf5 Rf1 57. Ng3 Rf2 58. Ne4 Rf1 59. Ke5 Re1
60. Nd5+ Ke8 61. Kd6 1-0

[Event "Forcing Moves Winter-3 U1900"]
[Site "Mississauga CAN"]
[Date "2023.03.18"]
[Round "4.6"]
[White "Ruchinskaya, Valerie"]
[Black "Botello, Daniel"]
[Result "1/2-1/2"]
[WhiteElo "1899"]
[BlackElo "1830"]
[PlyCount "41"]
[EventDate "2023.03.17"]
[EventType "swiss"]
[EventRounds "6"]
[EventCountry "CAN"]

1. d4 Nf6 2. Bf4 d6 3. Nf3 Bg4 4. Nbd2 Nbd7 5. e4 e5 6. Be3 exd4 7. Bxd4 Nc5 8.
Bxc5 dxc5 9. Bc4 Qe7 10. Qe2 O-O-O 11. O-O-O g6 12. h3 Bxf3 13. Qxf3 Bh6 14.
Rhe1 Rxd2 15. Rxd2 Rd8 16. Re3 Rxd2 17. Kxd2 Nxe4+ 18. Ke2 Bxe3 19. Qxe3 f5 20.
f3 Ng3+ 21. Kf2 1/2-1/2

[Event "Forcing Moves Winter-3 U1900"]
[Site "Mississauga CAN"]
[Date "2023.03.18"]
[Round "4.7"]
[White "Deepak, Laksshana"]
[Black "Zhong, April Yunwei"]
[Result "0-1"]
[WhiteElo "1712"]
[BlackElo "1734"]
[PlyCount "113"]
[EventDate "2023.03.17"]
[EventType "swiss"]
[EventRounds "6"]
[EventCountry "CAN"]

1. e4 e6 2. d4 d5 3. Nc3 Nf6 4. e5 Nfd7 5. f4 c5 6. Nf3 Nc6 7. Be3 a6 8. a4 Qb6
9. Qd2 cxd4 10. Nxd4 Bc5 11. O-O-O Qa7 12. Be2 O-O 13. Bg1 Nxd4 14. Bxd4 b5 15.
Bxc5 Nxc5 16. Qd4 bxa4 17. Nxa4 Nxa4 18. Qxa4 Bd7 19. Qd4 Qb7 20. Rd3 Bb5 21.
Rb3 Rfc8 22. Kb1 Qd7 23. Bd3 Bc4 24. Rc3 Qa4 25. Bxc4 dxc4 26. Rd1 h6 27. Rg3
Rab8 28. f5 Qb5 29. f6 g6 30. h4 Rc5 31. Re1 Rd5 32. Qc3 Qb7 33. b3 cxb3 34.
cxb3 Rb5 35. Kb2 a5 36. Qd3 Kh8 37. Qc4 Rb4 38. Qc2 a4 39. Ree3 Qa7 40. h5 Qd4+
41. Kb1 axb3 42. Rxb3 Ra8 43. Rgc3 Qg1+ 44. Qc1 Rxb3+ 45. Rxb3 Ra1+ 46. Kxa1
Qxc1+ 47. Ka2 gxh5 48. Rb7 Qc4+ 49. Kb2 Qd4+ 50. Ka3 Kg8 51. Rb8+ Kh7 52. Rb7
Kg6 53. Rb5 Qe3+ 54. Ka4 Qe4+ 55. Ka3 Qxg2 56. Rb8 Qg3+ 57. Ka4 0-1

[Event "Forcing Moves Winter-3 U1900"]
[Site "Mississauga CAN"]
[Date "2023.03.18"]
[Round "4.8"]
[White "Deshpande, Sarthak"]
[Black "Qian, Ashley"]
[Result "0-1"]
[WhiteElo "1787"]
[BlackElo "1775"]
[PlyCount "138"]
[EventDate "2023.03.17"]
[EventType "swiss"]
[EventRounds "6"]
[EventCountry "CAN"]

1. d4 d5 2. c4 e6 3. Nf3 Nf6 4. g3 Be7 5. Bg2 c6 6. Qc2 Nbd7 7. O-O O-O 8. Nbd2
Qc7 9. e4 dxe4 10. Nxe4 Nxe4 11. Qxe4 Nf6 12. Qc2 h6 13. Bf4 Bd6 14. Be5 Qe7
15. c5 Bc7 16. Bxc7 Qxc7 17. Ne5 Nd5 18. Rab1 Bd7 19. Nc4 Rfd8 20. Nd6 Be8 21.
Rfe1 b6 22. b4 Rab8 23. a3 a5 24. f4 axb4 25. axb4 bxc5 26. bxc5 Bd7 27. f5
Rxb1 28. Qxb1 Rb8 29. Qc2 Qa5 30. Qf2 exf5 31. Rf1 Qc3 32. Bxd5 cxd5 33. Nxf5
Bxf5 34. Qxf5 Qxd4+ 35. Qf2 Qxf2+ 36. Kxf2 Kf8 37. Rd1 Rd8 38. c6 Ke7 39. c7
Rc8 40. Rxd5 Rxc7 41. Rd2 Rc3 42. Ra2 Kf6 43. Ra6+ Kg5 44. Ra7 Kg6 45. Kg2 f5
46. h4 Re3 47. Kf2 Rd3 48. Kg2 Re3 49. Rb7 Kf6 50. Rb6+ Re6 51. Rb7 g5 52.
hxg5+ hxg5 53. Kf3 Kg6 54. Ra7 Rf6 55. Rb7 Rc6 56. Rb2 Rc3+ 57. Kg2 Kh5 58. Kh3
f4 59. Rg2 Re3 60. Kh2 f3 61. Rg1 Kg4 62. Kh1 f2 63. Rf1 Re1 64. Kg2 Rxf1 65.
Kh2 Rh1+ 66. Kxh1 f1=Q+ 67. Kh2 Qf2+ 68. Kh1 Kh3 69. g4 Qg2# 0-1

[Event "Forcing Moves Winter-3 U1900"]
[Site "Mississauga CAN"]
[Date "2023.03.18"]
[Round "4.9"]
[White "Uyanik, Mehmet"]
[Black "Nguyen, Thuan"]
[Result "1-0"]
[WhiteElo "1350"]
[BlackElo "1558"]
[PlyCount "99"]
[EventDate "2023.03.17"]
[EventType "swiss"]
[EventRounds "6"]
[EventCountry "CAN"]

1. e4 e5 2. Nf3 Nc6 3. Bb5 Nf6 4. d3 Bc5 5. Bxc6 dxc6 6. Nxe5 Qd4 7. Be3 Qxb2
8. Bxc5 Qxa1 9. f4 Be6 10. c4 Nd7 11. Nxd7 Bxd7 12. Qb3 b6 13. Ba3 Qd4 14. f5
c5 15. Bb2 Qe3+ 16. Kf1 f6 17. h4 Qf4+ 18. Ke1 Bc6 19. Nc3 O-O 20. Rh3 Rf7 21.
Qd1 Kf8 22. Bc1 Qd6 23. Ne2 Rd8 24. Nf4 Ke7 25. Ne6 Rg8 26. Bf4 Qd7 27. Nxc7 g6
28. Qe2 Kd8 29. Ne6+ Kc8 30. g4 Qe7 31. Bh2 Bd7 32. Qf2 Bxe6 33. Qf4 Qb7 34.
fxe6 Re7 35. Qxf6 Rge8 36. Qf2 Rxe6 37. Rf3 R6e7 38. Bd6 Rd7 39. Rf8 Red8 40.
e5 Qh1+ 41. Ke2 Qc6 42. Rf6 Qa4 43. Qf3 Rb7 44. Rf7 Rxf7 45. Qxf7 Qd7 46. Be7
Qxd3+ 47. Kf2 Qc2+ 48. Kf3 Rd3+ 49. Ke4 Qe2+ 50. Kf4 1-0

[Event "Forcing Moves Winter-3 U1900"]
[Site "Mississauga CAN"]
[Date "2023.03.19"]
[Round "5.6"]
[White "Botello, Daniel"]
[Black "Zhong, April Yunwei"]
[Result "0-1"]
[WhiteElo "1830"]
[BlackElo "1734"]
[PlyCount "70"]
[EventDate "2023.03.17"]
[EventType "swiss"]
[EventRounds "6"]
[EventCountry "CAN"]

1. b3 d5 2. Bb2 Bf5 3. e3 c5 4. g4 Be4 5. f3 Bg6 6. Ne2 Nc6 7. h4 h5 8. Nf4 e5
9. Nxg6 fxg6 10. g5 Qc7 11. Bh3 e4 12. f4 d4 13. O-O Nge7 14. Qe2 Nf5 15. Re1
O-O-O 16. Qf2 Bd6 17. Na3 Rhe8 18. Nb5 Qb6 19. c4 Nb4 20. Ba3 Nd3 21. Qf1 Nxe1
22. Qxe1 a6 23. Nxd6+ Qxd6 24. Bb2 Kb8 25. b4 Qb6 26. Rb1 dxe3 27. dxe3 Rd7 28.
Be5+ Ka8 29. b5 Red8 30. Bg2 Rd3 31. Qc1 Nxe3 32. bxa6 Qxa6 33. Kh2 Rd1 34. Bh3
Rxc1 35. Rxc1 Rd2+ 0-1

[Event "Forcing Moves Winter-3 U1900"]
[Site "Mississauga CAN"]
[Date "2023.03.19"]
[Round "5.7"]
[White "Qian, Ashley"]
[Black "Nguyen, Thuan"]
[Result "1-0"]
[WhiteElo "1775"]
[BlackElo "1558"]
[PlyCount "103"]
[EventDate "2023.03.17"]
[EventType "swiss"]
[EventRounds "6"]
[EventCountry "CAN"]

1. e4 e5 2. Nf3 Nc6 3. d4 exd4 4. Nxd4 Nf6 5. Nc3 Bb4 6. Nxc6 bxc6 7. Bd3 O-O
8. O-O d5 9. exd5 cxd5 10. h3 c6 11. Qf3 Re8 12. Bg5 Be7 13. Rfe1 Be6 14. Ne2
Nd7 15. Bxe7 Qxe7 16. Nd4 Qd6 17. Rad1 Nf6 18. c4 c5 19. Nf5 Bxf5 20. Bxf5
Rxe1+ 21. Rxe1 Rd8 22. cxd5 Qxd5 23. Qxd5 Rxd5 24. g4 g6 25. Bc2 Kf8 26. Bb3
Rd2 27. Rc1 Nd7 28. Rd1 Rxd1+ 29. Bxd1 Ke7 30. f4 Nb8 31. Kf2 Nc6 32. Ke3 Nd4
33. b4 Kd6 34. bxc5+ Kxc5 35. Ke4 Nc6 36. g5 Kd6 37. Bb3 Nd8 38. f5 Ke7 39. h4
Nb7 40. f6+ Kd7 41. Ke5 Nd6 42. Bd5 Nf5 43. Bxf7 Nxh4 44. Bd5 Nf5 45. Be6+ Ke8
46. Bxf5 gxf5 47. Kxf5 Kf7 48. a4 a5 49. Ke5 Kf8 50. Ke6 Ke8 51. f7+ Kf8 52.
Kf6 1-0

[Event "Forcing Moves Winter-3 U1900"]
[Site "Mississauga CAN"]
[Date "2023.03.19"]
[Round "5.8"]
[White "Ruchinskaya, Valerie"]
[Black "Deshpande, Sarthak"]
[Result "1-0"]
[WhiteElo "1899"]
[BlackElo "1787"]
[PlyCount "130"]
[EventDate "2023.03.17"]
[EventType "swiss"]
[EventRounds "6"]
[EventCountry "CAN"]

1. d4 d5 2. c4 c6 3. cxd5 cxd5 4. Bf4 Nf6 5. Nc3 Qb6 6. Qd2 Bf5 7. e3 Nbd7 8.
Nf3 e6 9. a3 Be7 10. Be2 O-O 11. Nh4 Ne4 12. Nxe4 Bxe4 13. Nf3 Rac8 14. Rc1 Rc6
15. Rxc6 Qxc6 16. O-O Rc8 17. Rd1 Qc2 18. Ne1 Qxd2 19. Rxd2 Rc1 20. Rd1 Rxd1
21. Bxd1 Nb6 22. f3 Bg6 23. Bb3 Nc8 24. Kf2 Kf8 25. Ke2 Ke8 26. Nd3 f6 27. Bb8
Bd6 28. Bxd6 Nxd6 29. Nf4 Bf7 30. Kd3 Kd7 31. Kc3 g5 32. Nd3 b6 33. Nf2 Nf5 34.
Ng4 Ke7 35. e4 Nh4 36. Ne3 Kd6 37. exd5 exd5 38. Bd1 Be6 39. g3 Nf5 40. Nxf5+
Bxf5 41. Kd2 Bd7 42. Ke3 f5 43. f4 g4 44. Kd3 Be8 45. Kc3 a5 46. Bc2 Bd7 47. b4
a4 48. b5 Bxb5 49. Bxf5 Bd7 50. Bxh7 b5 51. Kb4 Kc6 52. Bd3 Kb6 53. f5 Be8 54.
f6 Bf7 55. Bxb5 Bg6 56. Bxa4 Kc7 57. Bd1 Bh5 58. Bxg4 Bxg4 59. f7 Kd7 60. f8=Q
Be6 61. Kc5 Kc7 62. Qd6+ Kc8 63. Qxe6+ Kb8 64. Qd7 Ka8 65. Kb6 Kb8 1-0

[Event "Forcing Moves Winter-3 U1900"]
[Site "Mississauga CAN"]
[Date "2023.03.19"]
[Round "5.9"]
[White "Ambilwade, Ojal"]
[Black "Uyanik, Mehmet"]
[Result "0-1"]
[WhiteElo "1579"]
[BlackElo "1350"]
[PlyCount "98"]
[EventDate "2023.03.17"]
[EventType "swiss"]
[EventRounds "6"]
[EventCountry "CAN"]

1. c4 Nf6 2. d4 e6 3. Nc3 d5 4. Nf3 b6 5. e3 Ba6 6. Ne5 Bb7 7. Be2 dxc4 8. O-O
Bd6 9. Nxc4 Be7 10. Ne5 Nbd7 11. Bb5 a6 12. Bc6 Qc8 13. Qf3 Bxc6 14. Nxc6 Bd6
15. e4 e5 16. d5 h6 17. Be3 Nf8 18. h3 Ng6 19. Rac1 O-O 20. Bxh6 Nh7 21. Be3
Ne7 22. Na4 Qe8 23. Qg3 Ng6 24. h4 f5 25. h5 Nf4 26. Bxf4 exf4 27. Qb3 fxe4 28.
Qh3 Ng5 29. Qg4 Nf7 30. Rfe1 e3 31. fxe3 fxe3 32. Rc3 Ne5 33. Nxe5 Qxe5 34. Qh4
Rf4 35. Qh3 Rxa4 36. Rcxe3 Bc5 37. Kh1 Bxe3 38. Rxe3 Qxd5 39. b3 Re4 40. Qf3
Rh4+ 41. Kg1 Qxf3 42. Rxf3 Rxh5 43. Kf2 Rf8 44. Rxf8+ Kxf8 45. Kf3 Ke7 46. Kg4
g6 47. a4 Rf5 48. g3 c5 49. Kh4 Rf3 0-1

[Event "Forcing Moves Winter-3 U1900"]
[Site "Mississauga CAN"]
[Date "2023.03.19"]
[Round "6.6"]
[White "Zhong, April Yunwei"]
[Black "Uyanik, Mehmet"]
[Result "1-0"]
[WhiteElo "1734"]
[BlackElo "1350"]
[PlyCount "41"]
[EventDate "2023.03.17"]
[EventType "swiss"]
[EventRounds "6"]
[EventCountry "CAN"]

1. e4 c5 2. Nf3 d6 3. Bb5+ Nd7 4. O-O a6 5. Bxd7+ Bxd7 6. d4 cxd4 7. Qxd4 e5 8.
Qd1 Nf6 9. Nc3 Bc6 10. Re1 Qc7 11. Bg5 Be7 12. Qe2 Qb6 13. Rab1 O-O 14. Nh4 Qd8
15. Nf5 Rc8 16. Rbd1 Kh8 17. Bxf6 gxf6 18. Qh5 Qc7 19. Re3 Bd7 20. Rh3 Bxf5 21.
exf5 1-0

[Event "Forcing Moves Winter-3 U1900"]
[Site "Mississauga CAN"]
[Date "2023.03.19"]
[Round "6.7"]
[White "Deepak, Laksshana"]
[Black "Ruchinskaya, Valerie"]
[Result "1-0"]
[WhiteElo "1712"]
[BlackElo "1899"]
[PlyCount "91"]
[EventDate "2023.03.17"]
[EventType "swiss"]
[EventRounds "6"]
[EventCountry "CAN"]

1. e4 e6 2. d4 d5 3. Nc3 Bb4 4. e5 c5 5. a3 Bxc3+ 6. bxc3 Qa5 7. Bd2 Qa4 8. Ne2
Nc6 9. Be3 c4 10. Ng3 Bd7 11. Be2 O-O-O 12. O-O Nge7 13. Bg4 Rdf8 14. Nh5 Rhg8
15. Bg5 Qa5 16. Qf3 Nf5 17. Bxf5 exf5 18. Ng3 h6 19. Bc1 Ne7 20. Bd2 Qa4 21.
Ra2 g5 22. Nh5 Be6 23. Rb1 b6 24. Rb4 Qc6 25. a4 Kc7 26. Qd1 Rg6 27. Qb1 a6 28.
Bc1 Rb8 29. Ba3 Nc8 30. Rbb2 f4 31. f3 Rb7 32. Ra1 Bf5 33. Rba2 Rg8 34. Nf6 Rd8
35. Qb4 a5 36. Qb1 Bd7 37. Rb2 Qe6 38. Nxd7 Qxd7 39. Rb5 Rg8 40. h3 h5 41. Qd1
Kc6 42. Rab1 Na7 43. Bd6 Rg6 44. Qe2 g4 45. Qxc4+ dxc4 46. d5# 1-0

[Event "Forcing Moves Winter-3 U1900"]
[Site "Mississauga CAN"]
[Date "2023.03.19"]
[Round "6.8"]
[White "Ambilwade, Ojal"]
[Black "Qian, Ashley"]
[Result "0-1"]
[WhiteElo "1579"]
[BlackElo "1775"]
[PlyCount "114"]
[EventDate "2023.03.17"]
[EventType "swiss"]
[EventRounds "6"]
[EventCountry "CAN"]

1. c4 c5 2. Nc3 Nc6 3. Nf3 d6 4. e3 Nf6 5. d4 cxd4 6. exd4 g6 7. Bd3 Bg7 8. h3
O-O 9. Be3 e5 10. d5 Ne7 11. Qd2 Nf5 12. Bxf5 Bxf5 13. Bh6 Ne4 14. Nxe4 Bxe4
15. Bxg7 Kxg7 16. Rg1 Rc8 17. b3 b5 18. Ng5 Bf5 19. g4 Bd7 20. Rc1 bxc4 21.
bxc4 Qc7 22. Rg3 Rb8 23. f4 exf4 24. Qxf4 Rbe8+ 25. Kf1 f5 26. Qd4+ Kg8 27. Kg1
h6 28. Ne6 Bxe6 29. dxe6 Rxe6 30. Rf1 f4 31. Rxf4 Rxf4 32. Qxf4 Qc5+ 33. Kh2 g5
34. Qf3 Qxc4 35. Qa8+ Kg7 36. Qb7+ Kg6 37. Qf3 Qe2+ 38. Qg2 d5 39. Qxe2 Rxe2+
40. Rg2 Rxg2+ 41. Kxg2 h5 42. Kf3 hxg4+ 43. hxg4 Kf6 44. a4 a5 45. Ke3 Ke5 46.
Kd3 Kf4 47. Kd4 Kxg4 48. Kxd5 Kf3 49. Kc5 g4 50. Kb5 g3 51. Kxa5 g2 52. Kb5
g1=Q 53. a5 Qa7 54. a6 Ke4 55. Ka5 Kd4 56. Kb5 Kd5 57. Ka5 Kc4 0-1

[Event "Fraser Valley Rapid 6"]
[Site "Langley CAN"]
[Date "2023.08.12"]
[Round "1.1"]
[White "Tony, Wang"]
[Black "Mayo, Fuentabella"]
[Result "0-1"]
[WhiteElo "1409"]
[BlackElo "2192"]
[PlyCount "90"]
[EventDate "2023.08.12"]
[EventType "swiss (rapid)"]
[EventRounds "6"]
[EventCountry "CAN"]

1. e4 e6 2. d4 d5 3. exd5 exd5 4. Bd3 Nf6 5. Bf4 Bd6 6. Bg3 O-O 7. Ne2 Bg4 8.
O-O Re8 9. c3 c6 10. f3 Bh5 11. Nd2 Qe7 12. Bxd6 Qxd6 13. Ng3 Bg6 14. Qc2 Nbd7
15. Rfe1 Qf4 16. Bxg6 hxg6 17. Qd3 Nf8 18. c4 Ne6 19. Ne2 Qd6 20. c5 Qc7 21. b4
Nh5 22. g3 Ng5 23. Kg2 Re6 24. Nb3 Rae8 25. Qd2 Re3 26. Ng1 Rxe1 27. Rxe1 Rxe1
28. Qxe1 Ne6 29. Ne2 Qe7 30. Nbc1 Nxd4 31. Qd2 Nxe2 32. Nxe2 Qe5 33. Nd4 Nf6
34. Kf2 Nd7 35. Qe3 Kf8 36. Qxe5 Nxe5 37. f4 Nd3+ 38. Ke3 Nxb4 39. a3 Na6 40.
Nb3 b6 41. cxb6 axb6 42. Kd4 Ke7 43. Ke5 f6+ 44. Kd4 Kd6 45. Kd3 c5 0-1

[Event "Fraser Valley Rapid 6"]
[Site "Langley CAN"]
[Date "2023.08.12"]
[Round "1.2"]
[White "Ascencio, Jorge Nunez"]
[Black "Brian, Sullivan"]
[Result "1-0"]
[WhiteElo "2269"]
[BlackElo "1435"]
[PlyCount "31"]
[EventDate "2023.08.12"]
[EventType "swiss (rapid)"]
[EventRounds "6"]
[EventCountry "CAN"]

1. d4 d5 2. c4 c6 3. Nc3 Nf6 4. e3 a6 5. Nf3 Nbd7 6. b3 g6 7. Be2 Bg7 8. O-O
O-O 9. Bb2 Rb8 10. a4 Qc7 11. Rc1 e5 12. cxd5 exd4 13. Qxd4 Nb6 14. a5 Nfxd5
15. Qxg7+ Kxg7 16. Nxd5+ 1-0

[Event "Fraser Valley Rapid 6"]
[Site "Langley CAN"]
[Date "2023.08.12"]
[Round "3.1"]
[White "Ascencio, Jorge Nunez"]
[Black "Liu, Zachary"]
[Result "1-0"]
[WhiteElo "2269"]
[BlackElo "2140"]
[PlyCount "65"]
[EventDate "2023.08.12"]
[EventType "swiss (rapid)"]
[EventRounds "6"]
[EventCountry "CAN"]

{[%evp 0,65,20,18,32,5,44,6,9,-19,16,-14,34,35,58,-18,-5,-13,-14,-15,-1,-11,-1,
0,6,-4,12,1,-4,-5,-8,0,2,3,16,-11,18,-17,0,9,14,-6,11,0,-10,-13,118,142,126,
140,151,162,162,157,202,209,233,224,490,489,486,493,666,666,800,726,802,649]} 
1. d4 d5 2. e3 c5 3. c3 Nc6 4. Nf3 Nf6 5. Nbd2 Bf5 6. dxc5 e6 7. Nd4 Bxc5 8.
Nxf5 exf5 9. Bd3 Ne4 10. O-O O-O 11. Nf3 Qf6 12. Qb3 Na5 13. Qc2 Nc6 14. a3 Bd6
15. Rd1 Rfd8 16. g3 Rac8 17. Bf1 Bb8 18. Bd2 Na5 19. Be1 g5 20. Nd2 g4 21. Nxe4
fxe4 22. Qe2 h5 23. Qb5 Nc6 24. Rxd5 Ne5 25. Bg2 Rxd5 26. Qxd5 Nf3+ 27. Bxf3
gxf3 28. Qxe4 Rc6 29. Qe8+ Kg7 30. Qxb8 Rc4 31. Rd1 Qf5 32. Qxb7 Re4 33. Qd7
1-0

[Event "Fraser Valley Rapid 6"]
[Site "Langley CAN"]
[Date "2023.08.12"]
[Round "3.2"]
[White "Beqo, Nick"]
[Black "Mayo, Fuentabella"]
[Result "1-0"]
[WhiteElo "1983"]
[BlackElo "2192"]
[PlyCount "97"]
[EventDate "2023.08.12"]
[EventType "swiss (rapid)"]
[EventRounds "6"]
[EventCountry "CAN"]

{[%evp 0,97,20,12,30,47,30,39,-14,-14,-3,10,7,27,31,7,28,74,9,15,-5,18,-7,-12,
-9,-5,-12,-22,30,-38,112,72,75,17,-7,-58,-83,-83,-83,-124,-105,-98,-98,-98,
-106,-200,-153,-151,-121,-184,14,30,30,12,0,-24,-20,-23,71,-17,-19,-13,7,-39,
38,-37,28,22,19,-19,73,116,133,107,120,126,175,179,204,155,178,76,161,164,73,
73,91,57,374,685,712,483,483,483,483,498,29983,2203,29977,29978]} 1. e4 e6 2.
d4 d5 3. Nd2 Nf6 4. e5 Nfd7 5. c3 c5 6. Bd3 Nc6 7. Ne2 f6 8. Nf4 Qe7 9. exf6
Qxf6 10. Nf3 cxd4 11. cxd4 Bb4+ 12. Kf1 O-O 13. h4 h6 14. Bc2 Re8 15. Qd3 Nf8
16. g4 Bd6 17. Nh5 Qf7 18. a3 e5 19. dxe5 Nxe5 20. Nxe5 Bxe5 21. Rg1 Bd7 22.
Rb1 a6 23. a4 Rad8 24. Be3 Bxg4 25. Rxg4 Qxh5 26. Bd1 Qf7 27. Bxh6 Rd6 28. Be3
Kh8 29. Kg2 d4 30. Bg5 Bf6 31. Bf3 Ne6 32. b4 Kg8 33. Bf4 Rd7 34. Bd2 Nf8 35.
h5 Rde7 36. h6 g6 37. b5 axb5 38. Rxb5 Kh7 39. Bb4 Rd7 40. Bxf8 Rxf8 41. Be4
Rg8 42. a5 Bd8 43. f4 Kxh6 44. Qh3+ Kg7 45. Rxg6+ Kf8 46. Qh6+ Rg7 47. Rf5 Kg8
48. Rxf7 Rdxf7 49. Bd5 1-0

[Event "Fraser Valley Rapid 6"]
[Site "Langley CAN"]
[Date "2023.08.12"]
[Round "4.1"]
[White "Beqo, Nick"]
[Black "Ascencio, Jorge Nunez"]
[Result "0-1"]
[WhiteElo "1983"]
[BlackElo "2269"]
[PlyCount "83"]
[EventDate "2023.08.12"]
[EventType "swiss (rapid)"]
[EventRounds "6"]
[EventCountry "CAN"]

{[%evp 0,83,28,19,62,51,83,19,52,52,53,61,64,46,53,59,48,37,83,66,118,70,65,68,
85,93,68,68,88,84,94,73,96,63,67,69,90,95,83,96,107,102,120,26,36,29,40,-17,
-21,-34,-26,-22,-44,-50,-61,-44,-39,-85,-22,-50,-21,-18,-33,-26,-25,-25,-21,
-54,-23,-18,-18,-24,-23,-19,-28,-76,-83,-134,-110,-108,-115,-185,-198,-253,
-223,-244]} 1. e4 c5 2. Nf3 a6 3. c3 Nf6 4. e5 Nd5 5. d4 cxd4 6. cxd4 e6 7. Bc4
d6 8. O-O Nb6 9. Bd3 N8d7 10. Qe2 dxe5 11. dxe5 Nc5 12. Bc2 Bd7 13. Nc3 Bc6 14.
Rd1 Qc7 15. Nd4 Nd5 16. Nxd5 Bxd5 17. Bf4 Rd8 18. b4 Nd7 19. a3 Nb6 20. Rac1
Qb8 21. Bb3 Be7 22. Qg4 O-O 23. h4 Bxb3 24. Nxb3 Rxd1+ 25. Rxd1 Rd8 26. Re1 Rd3
27. Re3 Qd8 28. h5 Kf8 29. Nc5 Bxc5 30. bxc5 Rxe3 31. Bxe3 Nd5 32. h6 g6 33.
Bg5 Qc7 34. Qd4 Ke8 35. Bd2 Qc6 36. a4 Ne7 37. Bg5 Qd5 38. Qe3 Qd1+ 39. Kh2 Nd5
40. Qg3 Qxa4 41. Bh4 Qf4 42. Bg5 0-1

[Event "Fraser Valley Rapid 6"]
[Site "Langley CAN"]
[Date "2023.08.12"]
[Round "4.2"]
[White "Dela Cruz, Jimson"]
[Black "Mayo, Fuentabella"]
[Result "0-1"]
[WhiteElo "1730"]
[BlackElo "2192"]
[PlyCount "70"]
[EventDate "2023.08.12"]
[EventType "swiss (rapid)"]
[EventRounds "6"]
[EventCountry "CAN"]

{[%evp 0,70,32,13,28,30,39,10,12,41,51,46,46,46,43,-13,55,48,45,45,65,13,64,21,
25,14,23,-4,11,-16,1,-16,-6,-26,-12,-18,-4,-30,-28,-40,-28,-28,-2,-2,-6,-32,
-38,-46,-56,-49,-44,-46,-46,-23,-33,-58,-25,-25,-33,-32,-11,-38,-22,-675,-723,
-885,-713,-719,-729,-2228,-761,-1122,-1281]} 1. e4 e6 2. d4 d5 3. Nd2 c5 4.
exd5 Qxd5 5. Ngf3 cxd4 6. Bc4 Qd6 7. Nb3 a6 8. O-O b5 9. Bd3 Bb7 10. Nbxd4 Nf6
11. Bg5 Nbd7 12. Re1 Be7 13. c3 O-O 14. Qc2 h6 15. Bh4 Rac8 16. Rad1 Qb6 17. a3
Rfe8 18. Nd2 Nc5 19. Bf1 Na4 20. Qb1 Nd5 21. Bxe7 Rxe7 22. Ne4 Rd7 23. Nf3 Rdd8
24. h3 Ne7 25. Rxd8+ Rxd8 26. Qc2 Nf5 27. c4 Bxe4 28. Rxe4 Nc5 29. Re1 b4 30.
axb4 Qxb4 31. Ne5 Qxe1 32. b4 Qxe5 33. bxc5 Qxc5 34. Qa4 a5 35. Be2 Rd2 0-1

[Event "Fraser Valley Rapid 6"]
[Site "Langley CAN"]
[Date "2023.08.12"]
[Round "5.1"]
[White "Mayo, Fuentabella"]
[Black "Ascencio, Jorge Nunez"]
[Result "1-0"]
[WhiteElo "2192"]
[BlackElo "2269"]
[PlyCount "69"]
[EventDate "2023.08.12"]
[EventType "swiss (rapid)"]
[EventRounds "6"]
[EventCountry "CAN"]

{[%evp 0,69,32,-5,35,42,42,45,45,40,44,40,51,51,63,14,38,32,31,35,30,21,18,-10,
0,0,-13,-32,35,17,80,66,62,40,61,-2,128,137,137,117,116,125,153,153,144,154,
303,182,182,141,133,145,152,154,173,159,409,424,424,430,444,448,448,314,409,
322,572,367,613,424,702,291]} 1. c4 c6 2. Nc3 d5 3. e3 Nf6 4. Nf3 a6 5. d4 e6
6. a3 Nbd7 7. b4 Bd6 8. Bb2 O-O 9. h3 Re8 10. Be2 e5 11. dxe5 Nxe5 12. cxd5
cxd5 13. Nxe5 Rxe5 14. Bf3 Bc7 15. Ne2 Re8 16. Rc1 Ne4 17. Nc3 Qh4 18. Nxe4
dxe4 19. Rxc7 exf3 20. Qxf3 Be6 21. O-O b5 22. Rd1 h6 23. Rd4 Qg5 24. Rc5 Qg6
25. Kh2 Rad8 26. Rc6 Qb1 27. Bc3 Qb3 28. Qg3 f6 29. Rxd8 Rxd8 30. Bxf6 Rd7 31.
Rxa6 Kh7 32. Bd4 Rf7 33. Qe5 Bd5 34. e4 Bc4 35. Ra7 1-0

[Event "Fraser Valley Rapid 6"]
[Site "Langley CAN"]
[Date "2023.08.12"]
[Round "5.2"]
[White "Dela Cruz, Jimson"]
[Black "Liu, Zachary"]
[Result "0-1"]
[WhiteElo "1730"]
[BlackElo "2140"]
[PlyCount "96"]
[EventDate "2023.08.12"]
[EventType "swiss (rapid)"]
[EventRounds "6"]
[EventCountry "CAN"]

{[%evp 0,96,32,25,51,4,10,-10,51,-2,24,5,16,8,19,26,41,6,9,12,1,0,10,-17,2,-1,
23,11,18,-3,-7,13,0,-29,0,0,1,-3,-10,-32,-114,-134,-134,-134,-140,-163,318,
-215,-202,-223,-223,-228,-228,-249,-258,-254,-262,-312,-216,-338,-206,-272,
-318,-340,-243,-470,-259,-260,-256,-249,-249,-271,-223,-227,-233,-249,-242,
-256,-242,-305,-312,-322,-348,-355,-379,-379,-422,-416,-416,-416,-416,-416,
-387,-408,-477,-500,-527,-1479,-28462]} 1. e4 c5 2. c3 d5 3. exd5 Nf6 4. Nf3
Nxd5 5. d4 cxd4 6. cxd4 g6 7. Nc3 Bg7 8. Bc4 Nb6 9. Bb3 O-O 10. O-O Nc6 11. Be3
Bg4 12. h3 Bxf3 13. Qxf3 Nxd4 14. Bxd4 Qxd4 15. Qxb7 e6 16. Rad1 Qh4 17. Rd3
Qb4 18. Rfd1 a5 19. Rd6 Rfb8 20. Qf3 a4 21. Rxb6 Qxb6 22. Nxa4 Qb7 23. Qe2 Qb4
24. Nc3 Bxc3 25. bxc3 Qxc3 26. Qe4 Rd8 27. Rxd8+ Rxd8 28. Qh4 Qd4 29. Qe7 Qd6
30. Qf6 Rc8 31. Qg5 Qc7 32. f4 Qc5+ 33. Qxc5 Rxc5 34. Kf2 Kg7 35. Kf3 e5 36.
fxe5 Rxe5 37. a4 f5 38. Bc4 Kf6 39. g4 Rc5 40. Bb5 Rc3+ 41. Kg2 fxg4 42. hxg4
Kg5 43. Bd7 Rd3 44. Bc8 Ra3 45. Bd7 Kf4 46. Kh2 Ra2+ 47. Kh3 g5 48. Bf5 h5 0-1